Understanding industrial design. Principles for UX and interaction design.
Kaydedildi:
| Asıl Yazarlar: | , |
|---|---|
| Materyal Türü: | Bilinmiyor |
| Baskı/Yayın Bilgisi: |
Sebastopol, USA:
O'Reilly Media,
2016.
|
| Edisyon: | First edition. |
| Konular: | |
| Etiketler: |
Etiketle
Etiket eklenmemiş, İlk siz ekleyin!
|
MARC
| LEADER | 00000 a2200000 4500 | ||
|---|---|---|---|
| 003 | CL-VaPUC | ||
| 005 | 20231108122414.0 | ||
| 008 | 231023t2016 ||||| |||| 00| 0 eng d | ||
| 999 | |c 441975 |d 441973 | ||
| 020 | |a 978-1491920398 | ||
| 040 | |c Pontificia Universidad Católica de Valparaíso | ||
| 082 | 7 | |a 745.2 KIN 2016 |2 22 | |
| 100 | |a King, Simon |9 884897 |e author | ||
| 245 | |a Understanding industrial design. |b Principles for UX and interaction design. | ||
| 250 | |a First edition. | ||
| 260 | |a Sebastopol, USA: |b O'Reilly Media, |c 2016. | ||
| 300 | |a 269 páginas : |b ilustraciones. | ||
| 583 | |k GC |c 20231023 | ||
| 650 | |a Diseño industrial |9 262726 | ||
| 650 | |a Diseño de sistemas |x Orientado al usuario |9 885277 | ||
| 700 | |a Chang, Kuen |e author |9 885278 | ||
| 942 | |2 ddc |c BK | ||
| 952 | |0 0 |1 0 |2 ddc |4 0 |6 745_200000000000000_KIN_2016 |7 0 |8 A |9 591939 |a BIBARQ |b BIBARQ |c GEN |d 2023-10-12 |e 1 |g 37760.16 |i 5659047 |o 745.2 KIN 2016 |p 5659047 |r 2025-01-20 |t 1 |v 37760.16 |w 2023-10-12 |y BK |k ARQ | ||